| 000 | 00670nam a2200205Ia 4500 | ||
|---|---|---|---|
| 999 |
_c40390 _d40390 |
||
| 001 | 41779 | ||
| 003 | PK-LaUMT | ||
| 005 | 20220805111653.0 | ||
| 008 | 140424s9999 xx 000 0 und d | ||
| 020 | _a9698475087 | ||
| 040 | _cPK-LaUMT | ||
| 082 |
_aP 297.6504P _bISL-S |
||
| 110 | _aIslami Nazaryati Council Hakoomat-e-Pakistan | ||
| 245 |
_aSalanah (annual) report 1999-2000 (Islami Nazaryati Council Hakoomat-e-Pakistan) _cIslami Nazaryati Council Hakoomat-e-Pakistan |
||
| 260 |
_aIslamabad,Pakistan: _bIslami Nazaryati Council Hakoomat-e-Pakistan, _c2000 |
||
| 300 | _a247 p. | ||
| 546 | _aUR | ||
| 650 | _aAnnual report 1999-2000 | ||
| 942 |
_cWEEDED OUT _2ddc |
||